000 00510nam a2200169Ia 4500
999 _c32395
_d32395
003 OSt
005 20200804121625.0
008 190216s9999||||xx |||||||||||||| ||und||
040 _coclc
082 _a510
_bIYE/D
100 _aIyengar, S N
_93944
245 0 _aDiscrete Mathematics /
_cS N Iyengar ; V M Chandrasekaran ; Arunachalam P S
260 _bVikas Publishing House,
_c2009.
_aNew Delhi:
300 _a376p
650 _aMathematics
942 _cBK
_2ddc
_h510
_iIYE/D
_k510
_mIYE/D